| 000 | 01538nam a22002777a 4500 | ||
|---|---|---|---|
| 003 | OSt | ||
| 005 | 20160818112835.0 | ||
| 008 | 150407b2011 slv spa | ||
| 040 | _cBMC | ||
| 082 | _a372.420077284 | ||
| 100 | 1 |
_934739 _aSegura Osorio, Juana Elizabeth |
|
| 245 | 1 | 0 |
_aDiseño de guías didácticas para el aprendizaje del idioma inglés para primer ciclo de educación básica _b: Proyecto _cJuana Elizabeth Segura Osorio, Liliana Isabel Oliva Aguilar, Ana Coralia Zeldaña Baches |
| 260 |
_aSanta Ana (El Salvador) _bUniversidad Católica de El Salvador _c2011 |
||
| 300 |
_a1 folleto (43 h.) _bil. col. _e+ 2 disco compacto _c27 cm |
||
| 500 | _aPrecede al tít.: Universidad Católica de El Salvador, Facultad de Ciencias y Humanidades | ||
| 500 | _aGuía didáctica de primer grado código No. 1037513 contiene CD | ||
| 500 | _aGuía didáctica de segundo grado código No. 1037515 contiene CD | ||
| 500 | _aGuía didáctica de tercer grado código No. 1037516 contiene CD | ||
| 500 | _aContiene CD de música de las guías didáctica código No. 1037516 | ||
| 502 | _aTrabajo de graduación para optar al grado académico de Licenciatura en Ciencias de la Educación con especialidad en el Idioma Inglés. | ||
| 650 | 2 | 4 |
_933267 _aEducación Primaria _vLengua inglesa _xDidáctica _zEl Salvador |
| 700 | 1 |
_934741 _aOliva Aguilar, Liliana Isabel |
|
| 700 | 1 |
_934742 _aZaldaña Baches, Ana Coralia |
|
| 710 | 2 |
_91075 _aUniversidad Católica de El Salvador _bFacultad de Ciencias y Humanidades |
|
| 942 |
_2ddc _cTG |
||
| 999 |
_c21211 _d21211 |
||